LEADER 01081nam0-22003131i-450- 001 990001800630403321 005 20040225121535.0 035 $a000180063 035 $aFED01000180063 035 $a(Aleph)000180063FED01 035 $a000180063 100 $a20030910d1993----km-y0itay50------ba 101 0 $aita 200 1 $a<>tipologia dei pascoli alpini$emetodi di rilevamento e di elaborazione adottati dalla sezione alpicoltura dell'ISAFA$fAlessandro Bezzi, Diego Orlandi, Fabrizio Clementel 210 $aVillazzano di Trento$cISAFA$d1993 215 $a82 p.$d30 cm 225 1 $aComunicazioni di ricerca$fIstituto sperimentale per l'assestamento forestale e per l'alpicoltura$v93-1 610 0 $aAlpicoltura 676 $a634.95 700 1$aBezzi,$bAlessandro$079016 701 1$aClementel,$bFabrizio$0357109 701 1$aOrlandi,$bDiego$079018 801 0$aIT$bUNINA$gRICA$2UNIMARC 901 $aBK 912 $a990001800630403321 952 $a60 634.95 A 3/93-1$fFAGBC 959 $aFAGBC 996 $aTipologia dei pascoli alpini$9411370 997 $aUNINA LEADER 01923nam0 2200421 i 450 001 VAN0132802 005 20230621103935.391 017 70$2N$a9783319014876 100 $a20210326d2014 |0itac50 ba 101 $aeng 102 $aCH 105 $a|||| ||||| 200 1 $aTop Quark Pair Production$ePrecision Measurements of the Top Quark Pair Production Cross Section in the Single Lepton Channel with the ATLAS Experiment$eDoctoral Thesis accepted by the University of Göttingen, Germany$fAnna Christine Henrichs 210 $aCham$cSpringer$d2014 215 $axii, 225 p.$cill.$d24 cm 410 1$1001VAN0104193$12001 $aSpringer theses$erecognizing outstanding Ph.D. research$1210 $aBerlin$cSpringer$d2010- 500 1$3VAN0134774$aTop Quark Pair Production$91768747 606 $a81-XX$xQuantum theory [MSC 2020]$3VANC019967$2MF 606 $a81V35$xNuclear physics [MSC 2020]$3VANC023270$2MF 610 $aAtlas$9KW:K 610 $aHadron Collider$9KW:K 610 $aLHC$9KW:K 610 $aPrecision Measurements at the LHC$9KW:K 610 $aStandard Model of particle physics$9KW:K 610 $aTop Quark Pair Production$9KW:K 610 $aTop Quarks$9KW:K 610 $aTtbar Production$9KW:K 620 $aCH$dCham$3VANL001889 700 1$aHenrichs$bAnna C.$3VANV106623$0791365 712 $aSpringer $3VANV108073$4650 801 $aIT$bSOL$c20240614$gRICA 856 4 $uhttp://doi.org/10.1007/978-3-319-01487-6$zE-book ? Accesso al full-text attraverso riconoscimento IP di Ateneo, proxy e/o Shibboleth 899 $aBIBLIOTECA DEL DIPARTIMENTO DI MATEMATICA E FISICA$1IT-CE0120$2VAN08 912 $fN 912 $aVAN0132802 950 $aBIBLIOTECA DEL DIPARTIMENTO DI MATEMATICA E FISICA$d08CONS e-book 1991 $e08eMF1991 20210326 996 $aTop Quark Pair Production$91768747 997 $aUNICAMPANIA